Rathore medieval european history for UGC/NET/JRF/SLET/SRF also useful for : IAS/PCS and other competitive examinations / (Record no. 101338)

MARC details
000 -LEADER
fixed length control field 00692nam a22001817a 4500
005 - DATE AND TIME OF LATEST TRANSACTION
control field 20160720110843.0
010 ## - LCCN (DPL NO)
LC control number ENG-115445
020 ## - INTERNATIONAL STANDARD BOOK NUMBER
International Standard Book Number 9789385493348
Terms of availability 299.00
035 ## - SYSTEM CONTROL NUMBER
System control number EN-98977
037 ## - SOURCE OF ACQUISITION
Source of stock number/acquisition DBAD/PUB
082 ## - DEWEY DECIMAL CLASSIFICATION NUMBER
Classification number 940.1
245 ## - TITLE STATEMENT
Title Rathore medieval european history for UGC/NET/JRF/SLET/SRF also useful for : IAS/PCS and other competitive examinations /
Statement of responsibility, etc editied by kunwar Ishwar Singh Rathore
260 ## - PUBLICATION, DISTRIBUTION, ETC. (IMPRINT)
Place of publication, distribution, etc New Delhii
Name of publisher, distributor, etc Rathore Publishers & Disrtibutors
Date of publication, distribution, etc 2016
270 ## - ADDRESS
Address 202, 2nd Floor 4832/24 Ansari Road,Daryaganj
City New Delhi
Postal code 110002
300 ## - PHYSICAL DESCRIPTION
Extent 238p. :
Other physical details ill.
Dimensions 21cm(pbk)
700 ## - ADDED ENTRY--PERSONAL NAME
Dates associated with a name Rathore,Kunwar Ishwar Singh
942 ## - ADDED ENTRY ELEMENTS (KOHA)
Source of classification or shelving scheme Dewey Decimal Classification
Item type English Books
Classification part 940.1
Call number suffix RAT
Holdings
Withdrawn status Lost status Not for loan Collection code Home library Current library Date acquired Source of acquisition Cost, normal purchase price Full call number Barcode Copy number Cost, replacement price Koha item type
    Not For Loan Non-fiction D.B.Act.Division Bawana 18/07/2016 DBAD/PUB 299.00 940.1 RAT EN-98977 1 299.00 English Books

© Delhi Public Library
Hit Counter
free hit counter